Úmrtnosť na Slovensku a jej najčastejšie príčiny diplomová práca

Uložené v:
Podrobná bibliografia
Hlavný autor: Šarina, Patrik
Korporativný autor: Fakulta hospodárskej informatiky EU. Katedra štatistiky
Ďalší autori: Sivašová, Daniela, 1955-
Médium: Kniha
Jazyk:Slovak
Vydavateľské údaje: Bratislava 2019
Tagy: Pridať tag
Žiadne tagy, Buďte prvý, kto otaguje tento záznam!

MARC

LEADER 00000nbm a2200000 4500
001 0254236
005 20191205140311.0
041 0 |a slo 
044 |a SK 
245 1 0 |a Úmrtnosť na Slovensku a jej najčastejšie príčiny  |b diplomová práca  |c Patrik Šarina ; školiteľ: Daniela Sivašová 
264 1 |a Bratislava  |c 2019 
300 |a 74 s. 
100 1 |a Šarina, Patrik 
700 1 |a Sivašová, Daniela, 1955- 
710 2 |a Fakulta hospodárskej informatiky EU. Katedra štatistiky